Alphabet russe par images - Statistiques

Statistiques générales
  • Ce quiz a été pris 151 fois
  • Le résultat moyen est 15 sur 23
Statistiques - réponses
Par images Réponse % Correct
a
100%
b
98%
e
90%
v
87%
d
86%
o
80%
k
77%
r
76%
z
76%
n
75%
p
74%
c
73%
l
70%
m
66%
g
64%
i
64%
f
61%
y
56%
t
49%
j
29%
ja
29%
jo
29%
ju
25%
Aucun quiz correspondant
Distribution des résultats
% des personnes avec chaque résultat
Percentile par nombre de réponses
Votre historique - résultats
Vous n’avez pas pris ce quiz